| 000 | 02501pam a22003854a 4500 | ||
|---|---|---|---|
| 001 | 6104851 | ||
| 003 | ARRUPE | ||
| 005 | 20140130121738.0 | ||
| 008 | 070223s2007 mnu b 000 0 eng | ||
| 010 | _a 2006013850 | ||
| 020 | _a0814631754 | ||
| 020 | _a9780814631751 | ||
| 024 | 3 | _a9780814631751 | |
| 024 | 8 | _aR4-628748 | |
| 035 | _a(OCoLC)OCM68192397 | ||
| 035 | _a(OCoLC)68192397 | ||
| 035 | _a(NNC)6104851 | ||
| 040 |
_aDLC _cDLC _dBAKER _dBTCTA _dC#P _dOrLoB-B |
||
| 042 | _apcc | ||
| 050 | 0 | 0 |
_aBV4405 _b.M39 2007 |
| 082 | 0 | 0 |
_a267/.182 _222 |
| 100 | 1 |
_aMcKanan, Dan, _d1967- _97306 |
|
| 245 | 1 | 0 |
_aTouching the world : _bChristian communities transforming society / _cDan McKanan. |
| 260 |
_aCollegeville, Minn. : _bLiturgical Press, _cc2007. |
||
| 300 |
_a162 p. ; _c23 cm. |
||
| 504 | _aIncludes bibliographical references. | ||
| 505 | 0 | 0 |
_g1. _tIntroducing the communities -- _g2. _tCrafting vocation -- _g3. _tMaking room for families -- _g4. _tKeeping the faith -- _g5. _tDying and rising -- _tLearning More about Camphill and the Catholic worker. |
| 520 | 1 | _a"In this book, McKanan explores two contemporary community movements that touch the world by honoring the diverse spiritual and vocational paths of the families and individuals who join them. One of these movements, Camphill, derives its inspiration from the esoteric vision of Christianity outlined by Rudolf Steiner. It boasts a worldwide network of schools and villages composed of members with and without developmental disabilities, living and working together most often in agricultural settings. The other is the well-known Catholic Worker movement founded in New York by Dorothy Day and Peter Maurin. The Worker movement today includes nearly two hundred urban houses of hospitality and rural farms, along with countless individuals who have taken Day's and Maurin's ideals into everyday life. Blending theological and ethnographic approaches, McKanan builds his study on participant observation, archival research, and interviews with members of more than twenty communities. What emerges is a vision of the impact transformative Christian communities can have in a blessed and broken world."--BOOK JACKET. | |
| 650 | 0 |
_aChristian communities. _97307 |
|
| 650 | 0 |
_aCommunities _xReligious aspects _xChristianity. _97308 |
|
| 856 | 4 | 1 |
_3Table of contents only _uhttp://www.loc.gov/catdir/toc/ecip0613/2006013850.html |
| 900 | _bTOC | ||
| 942 |
_2lcc _cMONOGRAPH |
||
| 948 | 1 |
_a20070328 _bc _csds12 _dMPS |
|
| 999 |
_c119773 _d119773 |
||